00000000nam##2200000za#4500
0019.686665
003CaOODSP
00520241203113636
007cr |||||||||||
008150407|2004||||xxc|||||o    f|0| 0 eng|d
020 |a0-662-34976-8
040 |aCaOODSP|beng
043 |an-cn---
0861 |aEn154-16/2004E-PDF
1101 |aCanada. |bEnvironment Canada.
24510|aGuide for the implementation of a halocarbon recovery program for domestic appliances |h[electronic resource]
260 |aMontreal - Quebec : |bEnvironment Canada |cc2004.
300 |a40p.|bfigs., tables
500 |aThe catalogue number (En154-16/2004E) and ISBN (0-662-34975-X) for the print edition have been incorrectly copied in this electronic publication.
590 |a14-08-Supp|b2014-04-10
69007|aDomestic waste|2gcpds
69007|aElectrical appliances|2gcpds
69007|aEnvironmental protection|2gcpds
77508|tGuide d'implantation d'un programme de récupération des halocarbures contenus dans les appareils domestiques |w(CaOODSP)9.631131
85640|ahttp://publications.gc.ca|qPDF|s1.40 MB|uhttps://publications.gc.ca/collections/collection_2014/ec/En154-16-2004-eng.pdf